Top 50 in NHL Points - 2016-2017 Season - Statistics

General Stats
  • This quiz has been taken 417 times
  • The average score is 36 of 52
Answer Stats
Answer Points NHL Team % Correct
1 Connor McDavid 100 Edmonton Oilers
100%
2 Patrick Kane 89 Chicago Blackhawks
100%
2 Sidney Crosby 89 Pittsburgh Penguins
100%
14 Alex Ovechkin 69 Washington Capitals
97%
4 Nikita Kucherov 85 Tampa Bay Lightning
96%
4 Brad Marchand 85 Boston Bruins
95%
3 Nicklas Backstrom 86 Washington Capitals
94%
11 Evgeni Malkin 72 Pittsburgh Penguins
92%
24 Jonathan Toews 58 Chicago Blackhawks
92%
14 Auston Matthews 69 Toronto Maple Leafs
90%
9 Blake Wheeler 74 Winnipeg Jets
89%
14 Jamie Benn 69 Dallas Stars
89%
11 Tyler Seguin 72 Dallas Stars
89%
10 Ryan Getzlaf 73 Anaheim Ducks
87%
7 Brent Burns 76 San Jose Sharks
85%
12 Erik Karlsson 71 Ottawa Senators
85%
8 Vladimir Tarasenko 75 St Louis Blues
85%
6 Leon Draisaitl 77 Edmonton Oilers
84%
17 John Tavares 66 New York Islanders
82%
9 Artemi Panarin 74 Chicago Blackhawks
81%
22 Mitch Marner 61 Toronto Maple Leafs
80%
24 Claude Giroux 58 Philadelphia Flyers
79%
11 Victor Hedman 72 Tampa Bay Lightning
78%
13 David Pastrnak 70 Boston Bruins
77%
15 Joe Pavelski 68 San Jose Sharks
76%
5 Mark Scheifele 82 Winnipeg Jets
76%
19 Patrik Laine 64 Winnipeg Jets
76%
13 Phil Kessel 70 Pittsburgh Penguins
76%
18 Eric Staal 65 Minnesota Wild
70%
22 Johnny Gaudreau 61 Calgary Flames
70%
15 Henrik Zetterberg 68 Detroit Red Wings
69%
24 Filip Forsberg 58 Nashville Predators
66%
23 Evgeny Kuznetsov 59 Washington Capitals
64%
16 Max Pacioretty 67 Montreal Canadiens
64%
22 William Nylander 61 Toronto Maple Leafs
63%
24 Mikko Koivu 58 Minnesota Wild
59%
22 Jakub Voracek 61 Philadelphia Flyers
56%
17 Jeff Carter 66 LA Kings
56%
22 Ryan Johansen 61 Nashville Predators
52%
24 Sean Monahan 58 Calgary Flames
52%
19 Nikolaj Ehlers 64 Winnipeg Jets
49%
22 Nazem Kadri 61 Toronto Maple Leafs
48%
21 Cam Atkinson 62 Columbus Blue Jackets
47%
23 Mats Zuccarello 59 New York Rangers
44%
14 Mikael Granlund 69 Minnesota Wild
43%
20 Jeff Skinner 63 Carolina Hurricanes
37%
21 James van Riemsdyk 62 Toronto Maple Leafs
36%
22 Mike Hoffman 61 Ottawa Senators
35%
22 Viktor Arvidsson 61 Nashville Predators
34%
24 Ryan Kesler 58 Anaheim Ducks
31%
23 Alexander Wennberg 59 Columbus Blue Jackets
18%
24 Marcus Johansson 58 Washington Capitals
18%
No matching quizzes found
Score Distribution
Percent of People with Each Score
Percentile by Number Answered
Your Score History
You have not taken this quiz